000 01106nam a2200289 a 4500
001 ebr10416298
003 CaPaEBR
006 m u
007 cr cn|||||||||
008 100929s2009 ii a sb 001 0 eng d
020 _z9789350243299
040 _aCaPaEBR
_cCaPaEBR
035 _a(OCoLC)695993839
050 1 4 _aHD58.7
_b.A89 2009eb
100 1 _aAswathappa, K.
245 1 0 _aOrganisational behaviour
_h[electronic resource] /
_cK. Aswathappa, G. Sudarsana Reddy.
250 _aRev. ed.
260 _aMumbai [India] :
_bHimalaya Pub. House,
_c2009.
300 _a282 p. :
_bill.
504 _aIncludes bibliographical references and index.
533 _aElectronic reproduction.
_bPalo Alto, Calif. :
_cebrary,
_d2010.
_nAvailable via World Wide Web.
_nAccess may be limited to ebrary affiliated libraries.
650 0 _aOrganizational behavior.
655 7 _aElectronic books.
_2local
700 1 _aReddy, G. Sudarsana.
710 2 _aebrary, Inc.
856 4 0 _uhttp://site.ebrary.com/lib/rucke/Doc?id=10416298
_zAn electronic book accessible through the World Wide Web; click to view
999 _c84269
_d84269